00602nam a2200205 i 4500001001000000003000900010005001700019007000300036008004100039040003000080041000800110082002100118100002400139245005900163264005700222300002900279336002700308337003300335338002800368000006100DO-SdBNP20250804111109.0ta250804s1996 dr 000 0 spa d aDO-SdBNPbspacBNPHUerda hspa a152.4bR175c222 aRamos, J. R.eautor10aLa clave cómo vivir mejor y ser feliz /cJ. R. Ramos a[Ciudad desconocida] :bEditorial Vivir Mejor,c1996 a189 páginas. ;c22 cm. ardacontentbtexto2txt ardamediabsin mediación2n ardacarrierbvolumen2nc